[Event "34. Bayerische Senioren EM"]
[Site "Bergen im Chiemgau"]
[Date "2024.05.29"]
[Round "2.5"]
[White "Pieper, Thomas"]
[Black "Jagdhuber, Hans"]
[Result "1/2-1/2"]
[BlackElo "1957"]
[BlackTeam "SK Schweinfurt"]
[EventDate "2024.??.??"]
[PlyCount "51"]
[WhiteElo "2175"]
[WhiteTeam "SC Gröbenzell"]

1. e4 e6 2. d4 d5 3. Nc3 dxe4 4. Nxe4 Nd7 5. Bd3 Ngf6 6. Qe2 c5 7. Nf3 cxd4 8.
O-O Nxe4 9. Qxe4 Nc5 10. Bb5+ Bd7 11. Bxd7+ Qxd7 12. Qxd4 Qxd4 13. Nxd4 Be7 14.
Be3 O-O 15. Ne2 Ne4 16. Rfd1 Bc5 17. Bxc5 Nxc5 18. Rd4 Rfd8 19. Rad1 Rxd4 20.
Rxd4 Kf8 21. f3 Ke7 22. Kf2 Rc8 23. Ke3 Nd7 24. c4 e5 25. Rh4 h6 26. b3 
1/2-1/2

[Event "34. Bayerische Senioren EM"]
[Site "Bergen im Chiemgau"]
[Date "2024.05.29"]
[Round "2.6"]
[White "Weimer, Lothar"]
[Black "Ernst, Michael"]
[Result "1/2-1/2"]
[BlackElo "2112"]
[BlackTeam "Klosterneuburg"]
[EventDate "2024.??.??"]
[PlyCount "60"]
[WhiteElo "1946"]
[WhiteTeam "SK Kriegshaber"]

1. d4 d5 2. c4 c6 3. Nf3 Nf6 4. cxd5 cxd5 5. Nc3 Nc6 6. Bf4 a6 7. a3 Bf5 8. e3
e6 9. Ne5 Nxe5 10. Bxe5 Be7 11. Bd3 Bxd3 12. Qxd3 O-O 13. O-O Nd7 14. Bg3 b5
15. b3 Rc8 16. Rfc1 Qb6 17. a4 b4 18. Ne2 Qb7 19. f3 Rxc1+ 20. Rxc1 Rc8 21. Qd1
Nb8 22. Bxb8 Qxb8 23. Rxc8+ Qxc8 24. Qc1 Qxc1+ 25. Nxc1 Bd6 26. g4 f6 27. Nd3
Kf7 28. Kg2 e5 29. dxe5 fxe5 30. e4 Ke6  1/2-1/2

[Event "34. Bayerische Senioren EM"]
[Site "Bergen im Chiemgau"]
[Date "2024.05.29"]
[Round "2.7"]
[White "Oechslein, Rainer"]
[Black "Jaeger, Andre"]
[Result "1/2-1/2"]
[BlackElo "1940"]
[BlackTeam "SC Rochade (Berlin)"]
[EventDate "2024.??.??"]
[PlyCount "80"]
[WhiteElo "2097"]
[WhiteTeam "SK Schweinfurt"]

1. d4 g6 2. c4 Bg7 3. Nc3 c5 4. Nf3 cxd4 5. Nxd4 Nc6 6. e3 Nxd4 7. exd4 Nf6 8.
Be2 d5 9. cxd5 Nxd5 10. O-O O-O 11. Bf3 Be6 12. Ne4 b6 13. Ng5 Bc8 14. Qb3 Bb7
15. Rd1 e6 16. Ne4 Qd7 17. a3 h6 18. Bd2 Rfd8 19. Qd3 Kh7 20. h4 Ne7 21. Bc3
Nf5 22. d5 e5 23. g3 Nd4 24. Bg2 f5 25. Nd2 Bxd5 26. h5 Bxg2 27. hxg6+ Kxg6 28.
Kxg2 Qc6+ 29. f3 Nb3 30. Nxb3 Rxd3 31. Rxd3 e4 32. Nd4 Bxd4 33. Rxd4 exf3+ 34.
Kf2 Re8 35. Rd2 Re2+ 36. Rxe2 fxe2 37. Re1 Kg5 38. Rxe2 Kg4 39. Re3 Qh1 40. Be5
Qh2+  1/2-1/2

[Event "34. Bayerische Senioren EM"]
[Site "Bergen im Chiemgau"]
[Date "2024.05.29"]
[Round "2.8"]
[White "Korat, Bernard"]
[Black "Gläser, Wilfried"]
[Result "1/2-1/2"]
[BlackElo "2081"]
[BlackTeam "SK Anderten"]
[EventDate "2024.??.??"]
[PlyCount "30"]
[WhiteElo "1943"]
[WhiteTeam "vereinslos"]

1. d4 Nf6 2. Nf3 c5 3. c3 e6 4. e3 Nc6 5. Be2 Be7 6. O-O O-O 7. Nbd2 d5 8. b3
Qc7 9. Bb2 b6 10. Rc1 Bb7 11. Qc2 Rac8 12. Rfd1 cxd4 13. cxd4 Qb8 14. Qb1 Bd6
15. a3 Ne7  1/2-1/2

[Event "34. Bayerische Senioren EM"]
[Site "Bergen im Chiemgau"]
[Date "2024.05.29"]
[Round "2.9"]
[White "Jergler, Karl-Heinz"]
[Black "Kell, Stefan"]
[Result "1/2-1/2"]
[BlackElo "1933"]
[BlackTeam "SK Mangfalltal"]
[EventDate "2024.??.??"]
[PlyCount "42"]
[WhiteElo "2079"]
[WhiteTeam "SC Rottal-Inn"]

1. e4 e5 2. Nf3 Nc6 3. d4 exd4 4. Nxd4 Nf6 5. Nc3 Bb4 6. Nxc6 bxc6 7. Bd3 O-O 8.
O-O d5 9. exd5 cxd5 10. h3 h6 11. Bf4 Bd6 12. Qf3 c6 13. Rad1 Be6 14. Ne2 Re8
15. b3 c5 16. Bb5 Bd7 17. Bxd7 Qxd7 18. Ng3 Bxf4 19. Qxf4 Rad8 20. Rfe1 Rxe1+
21. Rxe1 Re8  1/2-1/2

[Event "34. Bayerische Senioren EM"]
[Site "Bergen im Chiemgau"]
[Date "2024.05.29"]
[Round "2.10"]
[White "Elbert, Gebhard"]
[Black "Kneutgen, Alexander"]
[Result "0-1"]
[BlackElo "2036"]
[BlackTeam "SG Niederkassel"]
[Time "09:30:00"]
[PlyCount "51"]
[WhiteElo "1939"]
[WhiteTeam "SF 1967 Sailauf e.V."]

1. d4 d5 2. Nf3 Nf6 3. e3 e6 4. Bd3 c5 5. b3 b6 6. O-O Bb7 7. Bb2 Nc6 8. a3 Bd6
9. Ne5 Rc8 10. Nd2 O-O 11. f4 cxd4 12. exd4 Ne7 13. Qe2 Rc7 14. Rac1 h5 15. Rf3
Nf5 16. Rh3 g6 17. c4 Kg7 18. b4 Be7 19. c5 Ng4 20. Nb3 Nxe5 21. dxe5 bxc5 22.
Nxc5 Bxc5+ 23. bxc5 d4 24. Bxf5 exf5 25. Rd3 Ba6 26. Bxd4  0-1

[Event "34. Bayerische Senioren EM"]
[Site "Bergen im Chiemgau"]
[Date "2024.05.29"]
[Round "2.11"]
[White "Neubauer, Jaroslaus"]
[Black "Schubert, Joachim"]
[Result "1/2-1/2"]
[BlackElo "1926"]
[BlackTeam "TSG Oberschöneweide e.V."]
[EventDate "2024.??.??"]
[PlyCount "20"]
[WhiteElo "2046"]
[WhiteTeam "SK Schweinfurt"]

1. e4 c5 2. Nf3 Nc6 3. d4 cxd4 4. Nxd4 Nf6 5. Nc3 d6 6. Bg5 Qa5 7. Bxf6 gxf6 8.
Nb3 Qd8 9. g3 h5 10. h4 Bg4  1/2-1/2

[Event "34. Bayerische Senioren EM"]
[Site "Bergen im Chiemgau"]
[Date "2024.05.29"]
[Round "2.12"]
[White "Lehmann, Edwin"]
[Black "Schrems, Hermann"]
[Result "0-1"]
[BlackElo "2032"]
[BlackTeam "SC Emmendingen"]
[Time "09:30:00"]
[PlyCount "120"]
[WhiteElo "1933"]
[WhiteTeam "SK Königsspringer Emden"]

1. f4 c5 2. Nf3 Nf6 3. e3 g6 4. b3 Bg7 5. Bb2 d6 6. Be2 Nc6 7. O-O O-O 8. Qe1 e5
9. fxe5 Ng4 10. Nc3 Ngxe5 11. Nxe5 Nxe5 12. Rb1 d5 13. Qg3 Nc6 14. Nb5 d4 15.
exd4 cxd4 16. Ba3 a6 17. Bxf8 Qxf8 18. Bc4 Ne5 19. Nc7 Ra7 20. Ne6 Bxe6 21.
Bxe6 Qc5 22. Bc4 d3+ 23. Qe3 Qxe3+ 24. dxe3 dxc2 25. Rbc1 b5 26. Bd5 Ng4 27.
Rfe1 Nxe3 28. Rxe3 Bd4 29. Rxc2 Bxe3+ 30. Kf1 Kg7 31. Ke2 Bf4 32. g3 Be5 33.
Rc6 a5 34. Rb6 b4 35. Rb7 Rxb7 36. Bxb7 h5 37. Kf3 f5 38. h3 Kf6 39. g4 fxg4+
40. hxg4 h4 41. Ke4 h3 42. Kf3 h2 43. Kg2 g5 44. Kf2 Bf4 45. Ke2 Ke5 46. Kd3
Bc1 47. Ke2 Kf4 48. Kf2 Kxg4 49. Kg2 Bf4 50. Bc8+ Kh4 51. Bf5 g4 52. Be6 Kg5
53. Bd5 Kf5 54. Bc4 Ke4 55. Be6 g3 56. Bc4 Kd4 57. Be6 Kc3 58. Bd5 Kb2 59. Be6
Kxa2 60. Bd5 Ka3  0-1

[Event "34. Bayerische Senioren EM"]
[Site "Bergen im Chiemgau"]
[Date "2024.05.29"]
[Round "2.13"]
[White "Fischer, Gerd"]
[Black "Christen, Pierre"]
[Result "0-1"]
[BlackElo "1917"]
[BlackTeam "IGS Trier"]
[Time "09:30:00"]
[PlyCount "97"]
[WhiteElo "2022"]
[WhiteTeam "SC Ansbach"]

1. e4 c6 2. d4 d5 3. Nc3 dxe4 4. Nxe4 Nf6 5. Nxf6+ exf6 6. Nf3 Bd6 7. Be2 O-O 8.
O-O Re8 9. Re1 Nd7 10. h3 Nf8 11. c3 Be6 12. Be3 Qd7 13. Bf1 Ng6 14. c4 Rad8
15. Qa4 Bb8 16. Red1 Qc7 17. Rac1 Bxh3 18. gxh3 Nh4 19. Bg2 Nxg2 20. Kxg2 Rxe3
21. Rc3 Re2 22. Kf1 Rde8 23. Rc2 R2e4 24. Qb3 Qf4 25. Re1 Rxe1+ 26. Nxe1 Qxd4
27. Nf3 Qe4 28. Rc1 Qf5 29. Kg2 Qg6+ 30. Kf1 Qh6 31. Rd1 Qxh3+ 32. Kg1 g6 33.
Qd3 Bc7 34. Qd7 Qxd7 35. Rxd7 Bb6 36. Kf1 Rb8 37. b4 Kf8 38. c5 Ke8 39. Rd3 Bc7
40. Nd2 f5 41. Re3+ Kf8 42. Rh3 h5 43. Ra3 a6 44. Rb3 Rd8 45. Ke2 Ke7 46. Nc4
Kf6 47. a4 Rd4 48. Nd2 h4 49. Nf1  0-1

[Event "34. Bayerische Senioren EM"]
[Site "Bergen im Chiemgau"]
[Date "2024.05.29"]
[Round "2.14"]
[White "Mayr, Günter"]
[Black "Taube, Hubertus"]
[Result "0-1"]
[BlackElo "2011"]
[BlackTeam "SK Neuperlach"]
[Time "09:30:00"]
[PlyCount "82"]
[WhiteElo "1925"]
[WhiteTeam "RW Klettham SAB"]

1. e4 c6 2. Nf3 d5 3. exd5 cxd5 4. Ne5 Nf6 5. d4 Nc6 6. c3 Bf5 7. g4 Nxe5 8.
dxe5 Nxg4 9. Bb5+ Bd7 10. Qxd5 Bxb5 11. Qxb5+ Qd7 12. Qxd7+ Kxd7 13. Bf4 Ke6
14. Nd2 g6 15. h3 Nxe5 16. Bxe5 Kxe5 17. O-O Bh6 18. Rfe1+ Kf6 19. Nb3 Rhd8 20.
Rad1 e5 21. Na5 Rab8 22. b3 Bd2 23. Re2 Bxc3 24. Rxd8 Rxd8 25. Nxb7 Rd2 26.
Rxd2 Bxd2 27. Nc5 Bb4 28. Nd3 Bd6 29. Kg2 Ke6 30. Nb2 Kd5 31. Kf3 Kd4 32. Ke2
f5 33. Kd2 e4 34. Kc2 f4 35. Nc4 Bc7 36. Kd2 g5 37. Na3 Ba5+ 38. Ke2 f3+ 39.
Kd1 Kd3 40. Nc4 Bc3 41. Ne3 Bd4  0-1

[Event "34. Bayerische Senioren EM"]
[Site "Bergen im Chiemgau"]
[Date "2024.05.29"]
[Round "2.15"]
[White "Zerweck, Christoph"]
[Black "Waltenberger, Udo"]
[Result "1/2-1/2"]
[BlackElo "1993"]
[BlackTeam "SV Eiche Reichenbrand"]
[Time "09:30:00"]
[PlyCount "75"]
[WhiteElo "1917"]
[WhiteTeam "SV Herrenberg e.V."]

1. e4 c5 2. Nc3 Nc6 3. Bb5 g6 4. Bxc6 bxc6 5. f4 Bg7 6. Nf3 d6 7. O-O Nf6 8. d3
O-O 9. Qe1 Bg4 10. Qh4 Bxf3 11. Rxf3 e6 12. Bd2 Nh5 13. Qxd8 Raxd8 14. f5 Rb8
15. b3 Nf6 16. Raf1 Rbe8 17. fxg6 fxg6 18. Bg5 Ng4 19. Rxf8+ Rxf8 20. Rxf8+
Kxf8 21. Nd1 Bd4+ 22. Kh1 Bf6 23. Bd2 Be5 24. h3 Nf6 25. Bg5 Kf7 26. Bxf6 Kxf6
27. Ne3 Bf4 28. Nc4 Ke7 29. g4 Kd7 30. Kg2 d5 31. Nb2 Kc7 32. Kf3 Bd6 33. Nd1
Kb6 34. Ne3 Be5 35. c4 Bd4 36. Nc2 Be5 37. Ne3 Bd4 38. Nc2  1/2-1/2

[Event "34. Bayerische Senioren EM"]
[Site "Bergen im Chiemgau"]
[Date "2024.05.29"]
[Round "2.16"]
[White "Ries, Berthold"]
[Black "Dreiseitel, Werner"]
[Result "0-1"]
[BlackElo "1724"]
[BlackTeam "SW Nürnberg Süd"]
[Time "09:30:00"]
[PlyCount "83"]
[WhiteElo "1872"]
[WhiteTeam "Vereinslos"]

1. e4 c6 2. d4 d5 3. e5 Bf5 4. Nf3 e6 5. Be2 Nd7 6. O-O c5 7. c4 dxc4 8. dxc5
Bxc5 9. Bxc4 a6 10. Qe2 Rc8 11. Nc3 h6 12. Bb3 Ne7 13. Be3 O-O 14. Rfd1 Bxe3
15. Qxe3 Rc7 16. Nd4 Bg6 17. Bxe6 fxe6 18. Nxe6 Qc8 19. Nxf8 Nxf8 20. Rd2 Rd7
21. Rad1 Rxd2 22. Qxd2 Bf7 23. Qd8 Qxd8 24. Rxd8 Nc6 25. Ra8 Nxe5 26. Ra7 Nfd7
27. Rxb7 Nc5 28. Rb8+ Kh7 29. b4 Ncd3 30. a4 Nc6 31. Rb7 Bg8 32. b5 axb5 33.
axb5 Na5 34. Ra7 Nc4 35. Ra6 Nc5 36. Rc6 Nb3 37. Rc7 Nd6 38. Rc6 Nb7 39. Rc7
Nd6 40. Rd7 Be6 41. b6 Bxd7 42. b7  0-1

[Event "34. Bayerische Senioren EM"]
[Site "Bergen im Chiemgau"]
[Date "2024.05.29"]
[Round "2.17"]
[White "Hartlieb, Jürgen"]
[Black "Lechner, Otto"]
[Result "1-0"]
[BlackElo "1913"]
[BlackTeam "TSV Wertingen"]
[Time "09:30:00"]
[PlyCount "113"]
[WhiteElo "1977"]
[WhiteTeam "SC Grunbach"]

1. d4 Nf6 2. Bg5 d5 3. Nd2 c5 4. dxc5 Nc6 5. Bxf6 exf6 6. Nb3 Be6 7. Nf3 Rc8 8.
e3 a6 9. Be2 Ne5 10. O-O Bxc5 11. Nxc5 Rxc5 12. Nd4 Qc8 13. c3 O-O 14. Rc1 Rd8
15. Rc2 f5 16. Rd2 Re8 17. Qb1 g6 18. Rfd1 Rc7 19. h4 Kh8 20. Nf3 Ng4 21. Qd3
f6 22. Nd4 Ne5 23. Qb1 Bf7 24. h5 Kg7 25. hxg6 hxg6 26. g3 Rh8 27. Kg2 Qe8 28.
Rh1 Rc8 29. Rdd1 Qa4 30. Rxh8 Rxh8 31. Rh1 Qa5 32. Rxh8 Kxh8 33. a3 Kg7 34. Qc2
Qb6 35. b4 Nc4 36. a4 a5 37. b5 Kf8 38. Bd3 Na3 39. Qd2 Nc4 40. Qe2 Ne5 41. Bb1
Qc7 42. Qc2 Nc4 43. Ba2 Qc5 44. Qc1 b6 45. Nb3 Qe7 46. Nd2 Nxd2 47. Qxd2 Qe4+
48. Kg1 Qxa4 49. Bxd5 Qxb5 50. Bf3 a4 51. Qd6+ Kg7 52. Bc6 Qb1+ 53. Kg2 b5 54.
Qd7 a3 55. Bd5 Qc1 56. Qxf7+ Kh6 57. Qxf6  1-0

[Event "34. Bayerische Senioren EM"]
[Site "Bergen im Chiemgau"]
[Date "2024.05.29"]
[Round "2.18"]
[White "Hansch, Klaus-Michael"]
[Black "Dijkstra, Matthijs"]
[Result "0-1"]
[BlackElo "1976"]
[BlackTeam "SV Dubbelschaak 97"]
[EventDate "2024.??.??"]
[PlyCount "50"]
[WhiteElo "1903"]
[WhiteTeam "SC Weisse Dame e.V."]

1. e4 c6 2. d4 d5 3. exd5 cxd5 4. Bd3 Nc6 5. c3 Nf6 6. h3 g6 7. Nf3 Bf5 8. O-O
Bxd3 9. Qxd3 Bg7 10. Nbd2 O-O 11. Re1 e6 12. Nf1 Ne4 13. Bf4 a6 14. Qe3 Nd6 15.
N1d2 Nf5 16. Qd3 Rc8 17. Ne5 Nce7 18. Nef3 Re8 19. h4 Nc6 20. h5 gxh5 21. Qe2
Qf6 22. Ne5 Nfxd4 23. cxd4 Qxf4 24. Nxc6 Rxc6 25. Nb3 Rec8  0-1

[Event "34. Bayerische Senioren EM"]
[Site "Bergen im Chiemgau"]
[Date "2024.05.29"]
[Round "2.19"]
[White "Biller, Helmut"]
[Black "Melchart, Siegfried"]
[Result "1-0"]
[BlackElo "1477"]
[BlackTeam "SF Bad Reichenhall"]
[EventDate "2024.??.??"]
[PlyCount "85"]
[WhiteElo "1971"]
[WhiteTeam "SF Frankfurt"]

1. d4 Nf6 2. Nf3 d5 3. c4 e6 4. g3 Bb4+ 5. Bd2 Bxd2+ 6. Nbxd2 O-O 7. Bg2 Nbd7 8.
Qc2 b6 9. O-O Bb7 10. Rfd1 Rc8 11. Rac1 c6 12. e4 Qe7 13. e5 Ne8 14. cxd5 exd5
15. Qf5 Nc7 16. Qg4 Ne6 17. Nh4 g6 18. Nf5 Qd8 19. Nd6 Rc7 20. Nb3 Ba8 21. f4
Qe7 22. f5 Qg5 23. Qxg5 Nxg5 24. h4 Ne4 25. Nxe4 dxe4 26. Bxe4 Bb7 27. Rc3 Rfc8
28. Rdc1 Nf8 29. Kf2 Nd7 30. Ke3 Kg7 31. Kf4 h6 32. g4 Nf8 33. Nd2 Nd7 34. Nc4
c5 35. Nd6 Bxe4 36. Kxe4 g5 37. hxg5 hxg5 38. Rh1 Rh8 39. Rxh8 Kxh8 40. Rh3+
Kg7 41. Rh5 f6 42. e6 Nb8 43. d5  1-0

[Event "34. Bayerische Senioren EM"]
[Site "Bergen im Chiemgau"]
[Date "2024.05.29"]
[Round "2.20"]
[White "Schatz, Christian"]
[Black "Hirstel, Serge"]
[Result "1/2-1/2"]
[BlackElo "1860"]
[BlackTeam "Hindisheim France"]
[EventDate "2024.??.??"]
[PlyCount "45"]
[WhiteElo "2158"]
[WhiteTeam "SC Postbauer-Heng"]

1. c4 c6 2. d4 d5 3. Nf3 Nf6 4. Qc2 g6 5. Bf4 Bg7 6. e3 Bf5 7. Bd3 Bxd3 8. Qxd3
Nbd7 9. Nc3 O-O 10. O-O e6 11. h3 Re8 12. b4 dxc4 13. Qxc4 Nb6 14. Qb3 Nfd5 15.
Bg5 Qd6 16. Rab1 Nxc3 17. Qxc3 Qd5 18. a3 h6 19. Bh4 Nd7 20. Rfd1 Nf6 21. Qc5
Ne4 22. Qxd5 cxd5 23. Rdc1  1/2-1/2

[Event "34. Bayerische Senioren EM"]
[Site "Bergen im Chiemgau"]
[Date "2024.05.29"]
[Round "2.21"]
[White "Ghijsen, Pim"]
[Black "Blumenstock, Axel"]
[Result "1-0"]
[BlackElo "1885"]
[BlackTeam "SF Taunus"]
[EventDate "2024.??.??"]
[PlyCount "31"]
[WhiteElo "2057"]
[WhiteTeam "VAS"]

1. d4 d5 2. Nf3 Nf6 3. Bf4 c6 4. c3 g6 5. e3 Bg7 6. Bd3 Bg4 7. Nbd2 Nh5 8. h3
Nxf4 9. exf4 Bxf3 10. Nxf3 Qc7 11. f5 Nd7 12. Qc2 e5 13. fxe6 fxe6 14. Bxg6+
hxg6 15. Qxg6+ Kf8 16. Ng5  1-0

[Event "34. Bayerische Senioren EM"]
[Site "Bergen im Chiemgau"]
[Date "2024.05.29"]
[Round "2.22"]
[White "Klüber, Werner"]
[Black "Keller, Harald"]
[Result "1/2-1/2"]
[BlackElo "2052"]
[BlackTeam "SV Rottweil"]
[EventDate "2024.??.??"]
[PlyCount "33"]
[WhiteElo "1849"]
[WhiteTeam "SC Prichsenstadt"]

1. d4 Nf6 2. Nf3 e6 3. c4 b6 4. g3 Bb7 5. Bg2 Be7 6. O-O O-O 7. Nc3 Ne4 8. Nxe4
Bxe4 9. Ne5 Bxg2 10. Kxg2 d6 11. Nd3 d5 12. Qc2 Nc6 13. e3 dxc4 14. Qxc4 Na5
15. Qc2 Rc8 16. b4 Nb7 17. Qc6  1/2-1/2

[Event "34. Bayerische Senioren EM"]
[Site "Bergen im Chiemgau"]
[Date "2024.05.29"]
[Round "2.23"]
[White "Burg, Henk"]
[Black "Kieffer, Joachim"]
[Result "1/2-1/2"]
[BlackElo "2040"]
[BlackTeam "SK Bruckmühl"]
[EventDate "2024.??.??"]
[PlyCount "65"]
[WhiteElo "1774"]
[WhiteTeam "Hmc Den Bosch"]

1. c4 e5 2. Nc3 Nc6 3. g3 a6 4. Bg2 Bc5 5. e4 d6 6. Nge2 h5 7. h3 h4 8. g4 Nge7
9. d3 Nd4 10. a3 Nec6 11. Nxd4 Nxd4 12. Ne2 Qf6 13. Nxd4 Bxd4 14. Qe2 g5 15.
Be3 c5 16. Bxd4 cxd4 17. O-O O-O 18. Rfc1 Bd7 19. c5 Rfc8 20. cxd6 Qxd6 21.
Rxc8+ Rxc8 22. Qd2 f6 23. Rc1 Rxc1+ 24. Qxc1 Qc6 25. Qxc6 Bxc6 26. f3 a5 27.
Kf2 Kf8 28. Ke1 Ke7 29. Kd2 Kd6 30. b3 Kc5 31. Kc2 Bd7 32. Bf1 Be6 33. Bg2 
1/2-1/2

[Event "34. Bayerische Senioren EM"]
[Site "Bergen im Chiemgau"]
[Date "2024.05.29"]
[Round "2.24"]
[White "Beutelhoff, Josef"]
[Black "Klein, Gernot, Dr."]
[Result "1-0"]
[BlackElo "1824"]
[BlackTeam "PTSV Aachen"]
[Time "09:30:00"]
[PlyCount "120"]
[WhiteElo "2032"]
[WhiteTeam "SF Olfen"]

1. d4 d5 2. c4 e6 3. Nc3 Nf6 4. cxd5 exd5 5. Bg5 c6 6. Qc2 Be7 7. e3 Nbd7 8. Bd3
h6 9. Bh4 Nh5 10. Bxe7 Qxe7 11. Nge2 Nb6 12. h3 Bd7 13. g4 Nf6 14. Ng3 O-O-O
15. O-O-O Kb8 16. Kb1 Rhe8 17. Rhe1 Qd6 18. Na4 Nxa4 19. Qxa4 Ne4 20. Bxe4 dxe4
21. Qc2 Qd5 22. Rc1 g6 23. Qe2 b6 24. Qc4 Be6 25. Qxd5 cxd5 26. f3 exf3 27. Rf1
Rc8 28. Rxf3 Rxc1+ 29. Kxc1 Kc7 30. Kd2 Kd7 31. Rf1 Rc8 32. Rc1 Rd8 33. Ke2 f5
34. gxf5 gxf5 35. Nh5 Kd6 36. Rg1 Rg8 37. Rxg8 Bxg8 38. Kf3 Ke6 39. Kf4 Bh7 40.
Ng7+ Kf6 41. Ne8+ Ke7 42. Nc7 Bg8 43. Ke5 Kd7 44. Nxd5 Bf7 45. a3 Kc6 46. Nc3
Kd7 47. h4 a6 48. Kxf5 Bh5 49. e4 Bf3 50. d5 h5 51. Ke5 Ke7 52. Kd4 Bg4 53. e5
Bf3 54. Na4 b5 55. Nc5 a5 56. Nb3 a4 57. Nd2 Be2 58. Ne4 Bf3 59. Nc3 Kf7 60.
Nxb5 Kg6  1-0

[Event "34. Bayerische Senioren EM"]
[Site "Bergen im Chiemgau"]
[Date "2024.05.29"]
[Round "2.25"]
[White "Beckers, Manfred"]
[Black "Schleime, Franz-Josef"]
[Result "1-0"]
[BlackElo "1774"]
[BlackTeam "SF Lennestadt-Meggen"]
[EventDate "2024.??.??"]
[PlyCount "58"]
[WhiteElo "1997"]
[WhiteTeam "SC Plüderhausen"]

1. e4 c5 2. Nf3 e6 3. c4 d6 4. Nc3 Nf6 5. d4 cxd4 6. Nxd4 a6 7. Be3 Be7 8. f3
Qc7 9. Rc1 Nbd7 10. Qd2 b6 11. Be2 Bb7 12. O-O O-O 13. Rfd1 Rad8 14. b4 Rc8 15.
a4 d5 16. cxd5 Bxb4 17. dxe6 Bxc3 18. Rxc3 Qxc3 19. exd7 Nxd7 20. Nf5 Qxd2 21.
Rxd2 Rc1+ 22. Kf2 Nc5 23. Rd6 Rb1 24. a5 Ne6 25. axb6 Rd8 26. Bc4 Rb2+ 27. Kg3
g6 28. Bxe6 fxe6 29. Rxd8+ Kf7  1-0

[Event "34. Bayerische Senioren EM"]
[Site "Bergen im Chiemgau"]
[Date "2024.05.29"]
[Round "2.26"]
[White "Huber, Herbert"]
[Black "Brettschneider, Karl"]
[Result "0-1"]
[BlackElo "1965"]
[BlackTeam "SC Leinfelden"]
[EventDate "2024.??.??"]
[PlyCount "56"]
[WhiteElo "1858"]
[WhiteTeam "SK Wasserburg"]

1. d4 f5 2. Bg5 g6 3. e3 Bg7 4. Nc3 d5 5. h4 Nf6 6. Be2 h6 7. Bf4 c6 8. Nf3 Nbd7
9. Ne5 Nxe5 10. Bxe5 O-O 11. Bxf6 Bxf6 12. g4 fxg4 13. Bxg4 e5 14. Bxc8 Qxc8
15. dxe5 Bxe5 16. Nxd5 Qe6 17. Nc3 Bxc3+ 18. bxc3 Qf6 19. Rf1 Rad8 20. Qc1
Qxc3+ 21. Ke2 Qc4+ 22. Ke1 Qxh4 23. c4 Rd3 24. Rb1 Rfd8 25. Rxb7 Qh5 26. Rb1
Qa5+ 27. Ke2 Rd2+ 28. Kf3 Rf8+  0-1

[Event "34. Bayerische Senioren EM"]
[Site "Bergen im Chiemgau"]
[Date "2024.05.29"]
[Round "2.27"]
[White "Jachs, Walter"]
[Black "Bartl, Bruno"]
[Result "1-0"]
[BlackElo "1845"]
[BlackTeam "SK Bruckmühl"]
[EventDate "2024.??.??"]
[PlyCount "45"]
[WhiteElo "1964"]
[WhiteTeam "SC Haar"]

1. e4 g6 2. d4 d6 3. Nc3 Bg7 4. f4 Nf6 5. Bd3 Bg4 6. Nf3 Nc6 7. Be3 a6 8. h3
Bxf3 9. Qxf3 Rb8 10. e5 Nd7 11. a3 e6 12. g4 Nb6 13. O-O-O h5 14. f5 hxg4 15.
hxg4 Rxh1 16. Rxh1 dxe5 17. fxe6 Qf6 18. Qxf6 Bxf6 19. d5 Nd4 20. Rf1 Be7 21.
exf7+ Kd7 22. Bh6 Ne6 23. dxe6+  1-0

[Event "34. Bayerische Senioren EM"]
[Site "Bergen im Chiemgau"]
[Date "2024.05.29"]
[Round "2.28"]
[White "Röder, Gerd"]
[Black "Dyballa, Gerhard"]
[Result "1/2-1/2"]
[BlackElo "1943"]
[BlackTeam "SV Meschede"]
[EventDate "2024.??.??"]
[PlyCount "46"]
[WhiteElo "2139"]
[WhiteTeam "SV Altensittenbach"]

1. e4 e6 2. d4 d5 3. Nd2 c5 4. c3 cxd4 5. cxd4 dxe4 6. Nxe4 Bb4+ 7. Nc3 Nc6 8.
Nf3 Nf6 9. Bd3 O-O 10. O-O h6 11. h3 b6 12. Be3 Bb7 13. Rc1 Rc8 14. Qe2 Ne7 15.
Nb5 a5 16. a3 Bd6 17. Rxc8 Nxc8 18. Nxd6 Qxd6 19. Rc1 Ne7 20. Ne5 Rc8 21. Rxc8+
Nxc8 22. Qc2 Ne7 23. Be2 Nf5  1/2-1/2

[Event "34. Bayerische Senioren EM"]
[Site "Bergen im Chiemgau"]
[Date "2024.05.29"]
[Round "2.29"]
[White "Riess, Michael"]
[Black "Luef, Herbert"]
[Result "1/2-1/2"]
[BlackElo "1975"]
[BlackTeam "TSV Ingolstadt Nord"]
[EventDate "2024.??.??"]
[PlyCount "59"]
[WhiteElo "1773"]
[WhiteTeam "SC Ansbach"]

1. e4 c5 2. d4 cxd4 3. Qxd4 Nc6 4. Qa4 d6 5. Nf3 Bd7 6. Bb5 Nf6 7. Nc3 a6 8.
Bxc6 Bxc6 9. Qd4 g6 10. O-O Bg7 11. Qd3 O-O 12. Nd4 Qb6 13. Nxc6 bxc6 14. Rb1
Ng4 15. h3 Ne5 16. Qe3 Qb4 17. a3 Qb7 18. Qe2 Nd7 19. Bd2 e6 20. b4 Rfe8 21.
Na4 f5 22. Bc3 fxe4 23. Bxg7 Kxg7 24. Qxe4 e5 25. Qd3 Qc7 26. Nc3 d5 27. Qg3
Qb6 28. Na4 Qd4 29. Qg4 Qxg4 30. hxg4  1/2-1/2

[Event "34. Bayerische Senioren EM"]
[Site "Bergen im Chiemgau"]
[Date "2024.05.29"]
[Round "2.30"]
[White "Hülle, Gunter"]
[Black "Huber, Walter"]
[Result "0-1"]
[BlackElo "1894"]
[BlackTeam "SG Traunstein/Traunreut"]
[Time "09:30:00"]
[PlyCount "50"]
[WhiteElo "1766"]
[WhiteTeam "SV Springer Leipzig"]

1. b4 e5 2. Bb2 d6 3. b5 a6 4. a4 axb5 5. axb5 Rxa1 6. Bxa1 Nd7 7. c4 g6 8. e3
Bg7 9. Nc3 Ngf6 10. Nf3 O-O 11. Be2 e4 12. Nd4 Nc5 13. Qc2 Re8 14. O-O Bd7 15.
Bb2 h5 16. f3 h4 17. fxe4 Ncxe4 18. Bf3 Nc5 19. e4 Bc8 20. Nb3 Nxb3 21. Qxb3
Bh6 22. Bc1 Nd7 23. d4 Bg7 24. Ne2 Nf8 25. Bb2 Nd7 {  Zeit überschritten}  
0-1

[Event "34. Bayerische Senioren EM"]
[Site "Bergen im Chiemgau"]
[Date "2024.05.29"]
[Round "2.31"]
[White "Jiritschka, Wolfgang"]
[Black "Brahn, Helmut"]
[Result "1-0"]
[BlackElo "1779"]
[BlackTeam "SG Springer Burghaun"]
[EventDate "2024.??.??"]
[PlyCount "71"]
[WhiteElo "1893"]
[WhiteTeam "Bayer Leverkusen"]

1. Nf3 d5 2. d4 h6 3. c4 Nf6 4. g3 e6 5. Bg2 Be7 6. Nc3 a6 7. O-O O-O 8. Ne5
Nbd7 9. cxd5 Nxe5 10. dxe5 Nxd5 11. Nxd5 exd5 12. Bxd5 c6 13. Bg2 Qxd1 14. Rxd1
Be6 15. Be3 Rfd8 16. Bb6 Rxd1+ 17. Rxd1 Kf8 18. a3 Ke8 19. b4 Bd8 20. Bc5 Bc7
21. f4 g6 22. Kf2 h5 23. Rd2 Rd8 24. Ke3 Rxd2 25. Kxd2 Kd7 26. Kd3 b6 27. Bf2
Bd5 28. e4 Be6 29. Kc3 b5 30. Bf1 Kc8 31. Bc5 Kb7 32. Kd4 Bb6 33. Bd3 Kc7 34.
f5 gxf5 35. exf5 Bd5 36. Be2  1-0

[Event "34. Bayerische Senioren EM"]
[Site "Bergen im Chiemgau"]
[Date "2024.05.29"]
[Round "2.32"]
[White "Roß, Heinrich"]
[Black "Michalek, Barbara"]
[Result "0-1"]
[BlackElo "1891"]
[BlackTeam "SK Lehrte"]
[EventDate "2024.??.??"]
[PlyCount "70"]
[WhiteElo "1743"]
[WhiteTeam "SG Springer Burghaun"]

1. e4 c5 2. Nf3 Nc6 3. c3 d5 4. exd5 Qxd5 5. Bb5 Bd7 6. d4 cxd4 7. Bxc6 Bxc6 8.
Qxd4 Nf6 9. O-O e6 10. c4 Qc5 11. Qxc5 Bxc5 12. Ne5 Rc8 13. Nc3 O-O 14. Nxc6
Rxc6 15. Rb1 a6 16. b3 Ba7 17. Bg5 Ng4 18. Bh4 f5 19. h3 Ne5 20. Rbd1 Ng6 21.
Bg5 h6 22. Bd8 Rc8 23. Ba5 Rfe8 24. Ne2 b6 25. Bc3 Red8 26. a4 Kf7 27. g3 Ne7
28. h4 Bb8 29. f4 Nc6 30. h5 Bd6 31. Nd4 Bc5 32. Kg2 Bxd4 33. Ba1 Bxa1 34. Rxa1
Rd2+ 35. Kh3 Rcd8  0-1